| 000 | 00821nam a2200277 a 4500 | ||
|---|---|---|---|
| 001 | ASIN1846141052 | ||
| 005 | 20170105102847.0 | ||
| 008 | 130819s2011 xxu eng d | ||
| 020 | _a1846141052 (hardcover) | ||
| 020 | _a9781846141058 (hardcover) | ||
| 040 | _a0 | ||
| 082 | 0 | 4 | _a320.9045 |
| 100 | 1 | _aMalloch-Brown, Mark. | |
| 245 | 1 | 4 |
_aThe unfinished global revolution / _cMark Malloch-Brown. |
| 260 |
_a[S.l.] : _bAllen Lane, _c2011. |
||
| 300 |
_a1 v. (unpaged) ; _c24 cm. |
||
| 650 | 0 | _aEconomic development | |
| 650 | 0 | _aGlobalization | |
| 650 | 0 | _aInternational relations | |
| 650 | 0 | _aPoliticians | |
| 650 | 0 | _aUnited Nations | |
| 650 | 0 | _aWorld Bank | |
| 650 | 0 | _aWorld politics | |
| 856 | 4 | 0 |
_3Amazon.com _uhttp://www.amazon.com/exec/obidos/ASIN/1846141052/chopaconline-20 |
| 942 |
_2ddc _cBK |
||
| 999 |
_c14123 _d14123 |
||